[Event "Donau op"]
[Site "Vienna"]
[Date "1998.??.??"]
[Round "9"]
[White "Wallner, Joachim"]
[Black "Stanka, Wolfgang"]
[Result "1-0"]
[WhiteElo "2185"]
[BlackElo "2140"]

1.Nf3 d5 2.d4 Nf6 3.c4 c6 4.Nc3 dxc4 5.a4 Bf5 6.Ne5 e6 7.f3 Bb4 8.e4 Bxe4
9.fxe4 Nxe4 10.Bd2 Qxd4 11.Nxe4 Qxe4+ 12.Qe2 Bxd2+ 13.Kxd2 Qd5+ 14.Kc2 Na6
15.Nxc4 O-O 16.Qe5 f6 17.Qxd5 cxd5 18.Nd6 Rab8 19.Ra3 Nb4+ 20.Kd2 Rfd8 21.Rb3 a5
22.Nb5 Rbc8 23.Bd3 Nxd3 24.Rxd3 Rc4 25.b3 Rc5 26.Rc1 Rxc1 27.Kxc1 Rc8+ 28.Kd2 b6
29.Rc3 Rxc3 30.Kxc3 Kf7 31.b4 axb4+ 32.Kxb4 Ke7 33.Nd4 e5 34.Nf5+ Kd7 35.Nxg7 e4
36.Kc3 Kc6 37.Kd4 e3 38.Kxe3 Kc5 39.Kd3 Kb4 40.g4 Kxa4 41.Ne8 b5 42.Nxf6 b4
43.Nxd5 b3 44.h4 Kb5 45.Kc3 Kc5 46.Nf6 b2 47.Kxb2 h6 48.g5 hxg5 49.h5  1-0

[Event "Vlissingen HZ op"]
[Site "Vlissingen"]
[Date "1998.??.??"]
[Round "4"]
[White "Mikhalevski, Victor"]
[Black "Ernst, Sipke"]
[Result "1-0"]
[WhiteElo "2545"]
[BlackElo "2300"]

1.d4 d5 2.c4 c6 3.Nf3 Nf6 4.Nc3 dxc4 5.a4 Bf5 6.Ne5 Nbd7 7.Nxc4 Nb6 8.Ne5 e6
9.f3 a5 10.e4 Bg6 11.Be2 Bb4 12.O-O Nfd7 13.Nd3 O-O 14.Be3 Nc4 15.Bc1 Ncb6
16.Qb3 c5 17.Nxb4 axb4 18.Nb5 cxd4 19.Nxd4 Qe7 20.Be3 Rfd8 21.a5 Nc8 22.Nc2 f5
23.exf5 Bxf5 24.Nxb4 Nf6 25.a6 Nd6 26.Rfd1 Rdc8 27.axb7 Nxb7 28.Nc6 Qc7 29.Rxa8 Rxa8
30.Nd4 Nc5 31.Qc4 Bg6 32.Nb5 Qe5 33.Qxc5 Nd5 34.Kf2 Rf8 35.Nc3 Nxe3 36.Qxe3  1-0

[Event "Vlissingen HZ op"]
[Site "Vlissingen"]
[Date "1998.??.??"]
[Round "4"]
[White "Van Wely, Loek"]
[Black "Soderberg, Per"]
[Result "1-0"]
[WhiteElo "2605"]
[BlackElo "2245"]

1.d4 d5 2.c4 c6 3.Nc3 Nf6 4.Nf3 dxc4 5.a4 Bf5 6.Ne5 Nbd7 7.Nxc4 Qc7 8.g3 e5
9.dxe5 Nxe5 10.Bf4 Rd8 11.Qc1 Bd6 12.Nxd6+ Qxd6 13.Bg2 a5 14.Qe3 Ng4 15.Qa7 Qb4
16.h3 O-O 17.hxg4 Nd3+ 18.exd3 Bxd3 19.O-O-O Qb3 20.Rxd3 Rxd3 21.Qxa5 Rfd8
22.Be4 b6 23.Qe5 f6 24.Bxh7+ Kf8 25.Qe1 R3d7 26.Bg6  1-0

[Event "Wattens op 13th"]
[Site "Wattens"]
[Date "1998.??.??"]
[Round "9"]
[White "Krutti, Valer"]
[Black "Duer, Werner"]
[Result "1-0"]
[WhiteElo "2360"]
[BlackElo "2310"]

1.d4 d5 2.c4 c6 3.Nf3 Nf6 4.Nc3 dxc4 5.a4 Bf5 6.Ne5 Nbd7 7.Nxc4 Qc7 8.g3 e5
9.dxe5 Nxe5 10.Bf4 Nfd7 11.Qc1 f6 12.Bg2 Be6 13.Nxe5 fxe5 14.Be3 Be7 15.O-O Nf6
16.a5 a6 17.Bb6 Qc8 18.Qg5 O-O 19.Qxe5 Re8 20.Qf4 Bh3 21.Rad1 Bxg2 22.Kxg2 Qe6
23.Rd3 Nd5 24.Nxd5 cxd5 25.Qd2 Bf6 26.e3 Rac8 27.b3 Qe4+ 28.Kg1 Re5 29.Rd4 Qf5
30.f4 Re6 31.Rxd5 Qg4 32.Qd1 Qxd1 33.Rfxd1 Rc3 34.R5d3 Rc2 35.R1d2 Rc1+ 36.Kg2 Rec6
37.e4 h5 38.e5 Be7 39.Rd7 Bb4 40.Re2 R6c2 41.Rxc2 Rxc2+ 42.Kh3  1-0

[Event "POL-chT2"]
[Site "Wisla"]
[Date "1998.??.??"]
[Round "?"]
[White "Palus, Ryszard"]
[Black "Dawidow, Jacek"]
[Result "1/2-1/2"]
[WhiteElo "2375"]
[BlackElo "2375"]

1.d4 d5 2.c4 c6 3.Nf3 Nf6 4.Nc3 dxc4 5.a4 Bf5 6.e3 Bd3 7.Bxd3 cxd3 8.Qxd3 e6
9.O-O Be7 10.e4 Na6 11.e5 Nd5 12.Ne4 h6 13.Rd1 O-O 14.Ng3 Ndb4 15.Qe4 Qd5
16.Qg4 Kh7 17.Nh5 Rg8 18.Bg5 f5 19.Qh4 Bd8 20.Nf4 Qd7 21.Bxd8 Qxd8 22.Qxd8 Raxd8
23.Nxe6 Rd7 24.h4 Re8 25.Nf4 Red8 26.Rdc1 Nc7 27.Rc4 Nbd5 28.Nxd5 Rxd5 29.Rb4 b6
30.Rc1 Ne6 31.Rxc6 Nxd4 32.Nxd4 Rxd4 33.Rxd4 Rxd4 34.e6 Rxa4 35.f3 Kg6 36.Rc7 a5
37.Rc2 Kf6 38.Re2 Ke7 39.h5 Rh4 40.Rc2 Rxh5 41.Rc6 b5 42.Rc5 a4 43.Rxb5 Rh4
44.Rxf5 g6 45.Rb5 Rd4 46.Rb6 Rd6 47.Rb4 Rd2 48.Rxa4 Rxb2 49.Rg4  1/2-1/2

[Event "S&W Masters 8th op"]
[Site "Witley"]
[Date "1998.??.??"]
[Round "5"]
[White "Pert, Nicholas"]
[Black "Ferguson, Mark"]
[Result "1/2-1/2"]
[WhiteElo "2320"]
[BlackElo "2410"]

1.d4 d5 2.Nf3 Nf6 3.c4 c6 4.Nc3 dxc4 5.a4 Bf5 6.Ne5 Nbd7 7.Nxc4 Qc7 8.g3 e5
9.dxe5 Nxe5 10.Bf4 Nfd7 11.Bg2 f6 12.O-O Nc5 13.e4 Bg6 14.Qe2 Be7 15.Rad1 O-O
16.Be3 Bf7 17.Nxe5 fxe5 18.b4 Ne6 19.Qb2 Bg5 20.Bxg5 Nxg5 21.f4 Ne6 22.Ne2 Bh5
23.Bf3 Bxf3 24.Rxf3 Rae8 25.Rdf1 Rf7 26.Kg2 Nf8 27.Qb3 Kh8 28.Qc4 Qe7 29.b5 Qe6  1/2-1/2

[Event "Hastings Challengers"]
[Site "Hastings"]
[Date "1999.01.04"]
[Round "7"]
[White "Van Laatum, Gozewijn"]
[Black "Gormally, Daniel"]
[Result "0-1"]
[WhiteElo "2355"]
[BlackElo "2400"]

1.d4 d5 2.c4 c6 3.Nf3 Nf6 4.Nc3 dxc4 5.a4 Bf5 6.Ne5 Nbd7 7.Nxc4 Qc7 8.g3 e5
9.dxe5 Nxe5 10.Bf4 Nfd7 11.Qd4 f6 12.Rd1 Bc5 13.Bxe5 fxe5 14.Nd6+ Bxd6 15.Qxd6 Qxd6
16.Rxd6 Ke7 17.Rd1 a5 18.Rc1 Rhd8 19.Bg2 Ra6 20.Nd1 Rb6 21.Rc4 Be6 22.Rh4 Nf6
23.O-O Rd2  0-1

[Event "Troll Masters"]
[Site "Gausdal"]
[Date "1999.01.11"]
[Round "4"]
[White "Johansen, Terje"]
[Black "Johansson, Per"]
[Result "1/2-1/2"]
[WhiteElo "2270"]
[BlackElo "2115"]

1.d4 d5 2.c4 c6 3.Nc3 Nf6 4.Nf3 dxc4 5.a4 Bf5 6.Ne5 Nbd7 7.Nxc4 Qc7 8.g3 e5
9.dxe5 Nxe5 10.Bf4 Rd8 11.Qc1 Bd6 12.Nxd6+ Qxd6 13.Bg2 Qe7 14.O-O O-O 15.a5 Ng6
16.Be3 a6 17.Na4 Rfe8 18.Qc5 Qxc5 19.Nxc5 Bc8 20.Rad1 Ne5 21.Bd4 Ned7 22.e3 Nxc5
23.Bxc5 Be6 24.Bb6 Rxd1 25.Rxd1 Bd5 26.f3 Nd7 27.Ba7 f5 28.Bh3 Nf6 29.Kf2 g6
30.Rd4 Ra8 31.Bc5 Nd7 32.Bd6 Kf7 33.e4 Be6 34.exf5 Bxf5 35.g4 Be6 36.Rb4 h5
37.Rxb7 hxg4 38.fxg4 g5 39.Kg3 Kf6 40.Bg2 Bd5 41.Bxd5 cxd5 42.Rxd7 Ke6 43.Rg7 Kxd6
44.Rxg5 d4 45.Kf3 Re8 46.Rg6+ Kd5 47.Rb6 Re3+ 48.Kf2 Rh3 49.Rxa6 Rxh2+ 50.Kf3 Rxb2
51.Ra8 d3 52.a6  1/2-1/2

[Event "Excelsior Cup"]
[Site "Goteborg"]
[Date "1999.01.12"]
[Round "6"]
[White "Ulibin, Mikhail"]
[Black "Hillarp Persson, Tiger"]
[Result "0-1"]
[WhiteElo "2552"]
[BlackElo "2482"]

1.d4 d5 2.Nf3 Nf6 3.c4 c6 4.Nc3 dxc4 5.a4 Bf5 6.e3 e6 7.Bxc4 Bb4 8.O-O O-O
9.Nh4 Bg4 10.f3 Bh5 11.g4 Nd5 12.Ng2 Bg6 13.Na2 Be7 14.e4 Nb6 15.Bb3 c5 16.dxc5 N6d7
17.Be3 Bxc5 18.Bxc5 Nxc5 19.Qxd8 Rxd8 20.Bc2 a5 21.Nc3 Nc6 22.Rad1 f6 23.Nf4 Nb4
24.Rxd8+ Rxd8 25.Rd1 Rxd1+ 26.Bxd1 Bf7 27.Be2 g5 28.Nh5 Bxh5 29.gxh5 Kg7
30.Kf2 Kh6 31.Ke3 e5 32.Nd5 Nxd5+ 33.exd5 Kxh5 34.Bd3 Kh6 35.d6 Kg7 36.Bf5 Kf7
37.b3 h5 38.h3 b6 39.Bc8 Ke8 40.Bf5 Kd8  0-1

[Event "South Wales 2nd"]
[Site "Newport"]
[Date "1999.01.12"]
[Round "2"]
[White "Cobb, James"]
[Black "Devereaux, Maxim"]
[Result "1-0"]
[WhiteElo "2287"]
[BlackElo "2220"]

1.Nf3 d5 2.d4 Nf6 3.c4 c6 4.Nc3 dxc4 5.a4 Bf5 6.Ne5 e6 7.g3 Nbd7 8.Nxc4 Bb4
9.Bg2 O-O 10.O-O Re8 11.Qb3 a5 12.Na2 Nb6 13.Nxb4 axb4 14.Rd1 Nxc4 15.Qxc4 Qb6
16.Bg5 Be4 17.Bxf6 Bxg2 18.Kxg2 gxf6 19.Rd3 Red8 20.e3 c5 21.dxc5 Qc6+ 22.Kg1 Rxd3
23.Qxd3 Qxc5 24.Qe4 Rd8 25.Qxb7 Rd2 26.a5 Rxb2 27.a6 Qf5 28.Qb8+ Kg7 29.Qf4 Rb1+
30.Rxb1 Qxb1+ 31.Kg2 Qa2 32.Qg4+ Kh6 33.Qxb4 Qxa6 34.Qf8+ Kg6 35.Qg8+ Kh6
36.Qxf7 Qc6+ 37.Kg1 e5 38.h4 Qf3 39.Qg8 e4 40.Qb8 Kg7 41.Qf4 Qd1+ 42.Kg2 Qd5
43.g4 Qc4 44.Qf5 Qc6 45.h5 Kh6 46.Kg3 Kg7 47.Kf4 Qc2 48.h6+ Kf7 49.Qxh7+ Kf8
50.Kg3 Qb1 51.Kg2  1-0

[Event "EUCup final 14th"]
[Site "Belgrade"]
[Date "1999.01.13"]
[Round "3"]
[White "Solozhenkin, Evgeniy"]
[Black "Jaracz, Pawel"]
[Result "1-0"]
[WhiteElo "2545"]
[BlackElo "2439"]

1.d4 d5 2.Nf3 c6 3.c4 Nf6 4.Nc3 dxc4 5.a4 Bf5 6.e3 e6 7.Bxc4 Bb4 8.O-O Nbd7
9.Nh4 Bg4 10.f3 Bh5 11.g4 Bg6 12.e4 Qa5 13.Na2 Nb6 14.Bd3 Rd8 15.Be3 e5 16.Nxb4 Qxb4
17.a5 Nc4 18.Ra4 Nxe3 19.Rxb4 Nxd1 20.Rxd1 Rxd4 21.Rxb7 O-O 22.Be2 Rxd1+
23.Bxd1 Rd8 24.Ba4 h5 25.g5 Nd7 26.Nxg6 fxg6 27.Bxc6 Nc5 28.Bd5+ Kh7 29.Rxa7 Rb8
30.Rc7 Nd3 31.b3 Rf8 32.a6  1-0

[Event "EUCup final 14th"]
[Site "Belgrade"]
[Date "1999.01.13"]
[Round "3"]
[White "Czerwonski, Aleksander"]
[Black "Popov, Valerij"]
[Result "0-1"]
[WhiteElo "2397"]
[BlackElo "2582"]

1.d4 d5 2.c4 c6 3.Nf3 Nf6 4.Nc3 dxc4 5.a4 Bf5 6.e3 e6 7.Bxc4 Bb4 8.O-O Nbd7
9.Nh4 Bg6 10.Nxg6 hxg6 11.f4 Qa5 12.Qe2 O-O-O 13.Na2 Qxa4 14.b3 Qa5 15.Nxb4 Qxa1
16.Bd2 Qb2 17.Nd3 Qa2 18.Nb4 Qb2 19.Nd3 Qa2 20.Nb4 Qa3 21.Nd3 b5 22.Nb4 bxc4
23.Qxc4 Nb8 24.Rc1 Rd6 25.Nd3 Qa6 26.Qc2 Nfd7  0-1

[Event "Linares Anibal op"]
[Site "Linares"]
[Date "1999.01.15"]
[Round "8"]
[White "Candela Perez, Jose"]
[Black "Minasian, Ara"]
[Result "0-1"]
[WhiteElo "2380"]
[BlackElo "2450"]

1.d4 d5 2.c4 c6 3.Nc3 Nf6 4.Nf3 dxc4 5.a4 Bf5 6.Ne5 Nbd7 7.Nxc4 Qc7 8.g3 e5
9.dxe5 Nxe5 10.Bf4 Nfd7 11.Bg2 f6 12.O-O Be6 13.Nxe5 fxe5 14.Be3 Bc5 15.Bxc5 Nxc5
16.b4 Nb3 17.Ra3 Rd8 18.Qc2 Nd4 19.Qb2 Bc4 20.Re1 O-O 21.Be4 Qf7 22.f3 Rd6
23.Rf1 Rfd8 24.Rf2 Ne6 25.Bc2 Ng5 26.Ne4 Nh3+ 27.Kg2 Rh6 28.Rf1 Qh5 29.Rh1 Rg6
30.Bb3 Bd5 31.Raa1 Rf8 32.Bxd5+ cxd5 33.Qb3 Nf4+ 34.Kf2 Kh8 35.Nd2 Nh3+ 36.Kg2 e4
37.Rac1 Nf4+ 38.Kf2 Re6 39.Nf1 Nd3+ 40.exd3 Qxf3+  0-1

[Event "South Wales 2nd"]
[Site "Newport"]
[Date "1999.01.15"]
[Round "8"]
[White "Sheldon, Ruth"]
[Black "Crouch, Colin S"]
[Result "1/2-1/2"]
[WhiteElo "2265"]
[BlackElo "2430"]

1.d4 d5 2.c4 c6 3.Nf3 Nf6 4.Nc3 dxc4 5.a4 Bf5 6.Ne5 Nbd7 7.Nxc4 Qc7 8.g3 e5
9.dxe5 Nxe5 10.Bf4 Nfd7 11.Bg2 f6 12.O-O g5 13.Nxe5 Nxe5 14.Be3 h5 15.Ne4 Be7
16.Qb3 Ng4 17.Bd4 Rf8 18.Rfd1 b6 19.Rac1 Rd8 20.Qc3 c5 21.b4 Bxe4 22.Bxe4 Kf7
23.h3 Ne5 24.Qb3+ Kg7 25.Qe6 Qd7 26.Qxd7 Nxd7 27.Be3 f5 28.Bf3 f4 29.gxf4 gxf4
30.Bd2 Ne5 31.Bc3 Bf6 32.Bxe5 Rxd1+ 33.Rxd1 Bxe5 34.Bxh5 cxb4 35.a5 bxa5
36.Rd5 Bc7 37.Rd7+ Kh6 38.Bf7 Bb6 39.Bb3 Kg6 40.Kg2 Rc8 41.Kf3 Rc3+ 42.Rd3 Rxd3+
43.exd3 Kf5 44.Ke2 Ke5 45.f3 Be3 46.Kd1 Kd4 47.Kc2 Bf2 48.Kd2 Bh4 49.Ba4 Bf6
50.Bb3 Kc5 51.Ba4 Bc3+ 52.Kc2 Kd4 53.Bc6 Ke3 54.Kb3 Kxd3 55.h4 Kd4  1/2-1/2

[Event "BL2-O9899"]
[Site "Germany"]
[Date "1999.01.31"]
[Round "5.4"]
[White "Meister, Peter"]
[Black "Bartsch, Berthold"]
[Result "1/2-1/2"]
[WhiteElo "2420"]
[BlackElo "2300"]

1.d4 Nf6 2.Nf3 c6 3.c4 d5 4.Nc3 dxc4 5.a4 Bf5 6.e3 Bd3 7.Bxd3 cxd3 8.Qxd3 g6
9.e4 Bg7 10.e5 Nd5 11.e6 f5 12.O-O Nb4 13.Qc4 N8a6 14.Rd1 Nd5 15.Bd2 O-O
16.Re1 Nac7 17.Rac1 Qd6 18.a5 Nxe6 19.Nxd5 cxd5 20.Qb5 Nxd4 21.Nxd4 Bxd4
22.Bb4 a6 23.Qxb7 Rab8 24.Bxd6 Rxb7 25.Bxe7 Rxb2 26.Bxf8 Bxf2+ 27.Kf1 Bxe1
28.Rc8 Kf7 29.Kxe1 Rxg2 30.Bd6 Ra2 31.Rc5 g5 32.Bb8 Rb2 33.Be5 Ra2 34.Rxd5 Ke6
35.Rc5 f4 36.h4 h6 37.hxg5 hxg5 38.Bb8 Rb2 39.Bc7 Kd7 40.Be5 Rb5 41.Rxb5 axb5
42.Bc3  1/2-1/2

[Event "Yangon schev"]
[Site "Yangon"]
[Date "1999.02.04"]
[Round "5"]
[White "Sunthornpongsathorn, Veeraphol"]
[Black "Nay Oo Kyaw Tun"]
[Result "1/2-1/2"]
[WhiteElo "2335"]
[BlackElo "2495"]

1.d4 d5 2.c4 c6 3.Nf3 Nf6 4.Nc3 dxc4 5.a4 Bf5 6.e3 e6 7.Bxc4 Bb4 8.O-O O-O
9.Bd3 Bxd3 10.Qxd3 Nbd7 11.Rd1 Qa5 12.e4 Rfd8 13.e5 Nd5 14.Ng5 Nf8 15.Qf3 Rd7
16.Nce4 h6 17.Nh3 Qd8 18.Qh5 Ng6 19.g3 Be7 20.Be3 Nxe3 21.fxe3 c5 22.dxc5 Rxd1+
23.Rxd1 Qc7 24.Nf4 Nxe5 25.b4 a5 26.Nd6 Bf6 27.Ne4 Be7 28.Nd6 Bf6 29.Ne4 Be7
30.Nd6 Bf6  1/2-1/2

[Event "Yangon schev"]
[Site "Yangon"]
[Date "1999.02.05"]
[Round "6"]
[White "Nay Oo Kyaw Tun"]
[Black "Khin Than"]
[Result "1-0"]
[WhiteElo "2495"]
[BlackElo "2541"]

1.d4 d5 2.c4 c6 3.Nf3 Nf6 4.Nc3 dxc4 5.a4 Bf5 6.e3 e6 7.Bxc4 Bb4 8.O-O O-O
9.Nh4 Nbd7 10.Nxf5 exf5 11.Bd3 Qa5 12.Qb3 Nb6 13.Qc2 g6 14.Na2 Nbd5 15.Nxb4 Nxb4
16.Qc3 Nfd5 17.Qd2 c5 18.b3 cxd4 19.exd4 Rac8 20.Bc4 Rfd8 21.Rb1 Nb6 22.Qh6 f4
23.Bxf4 Rxd4 24.Be3 Rd6 25.Bb5 a6 26.Rbd1 Rxd1 27.Rxd1 N4d5 28.Bd4 f6 29.Bf1 Qb4
30.Qh3 Re8 31.Qf3 f5 32.Bxb6 Nxb6 33.Qxb7 Qxb3 34.Rd6  1-0

[Event "Yangon schev"]
[Site "Yangon"]
[Date "1999.02.05"]
[Round "6"]
[White "Sharavdorj, Dashzeveg"]
[Black "Win Zaw Tun"]
[Result "1-0"]
[WhiteElo "2431"]
[BlackElo "2503"]

1.d4 d5 2.Nf3 Nf6 3.c4 c6 4.Nc3 dxc4 5.a4 Bf5 6.e3 e6 7.Bxc4 Bb4 8.O-O Nbd7
9.Qe2 O-O 10.e4 Bg4 11.Rd1 Qa5 12.e5 Nd5 13.Nxd5 cxd5 14.Bd3 Qd8 15.Qe3 f6
16.Rf1 Rf7 17.Bd2 Bf8 18.Qf4 Bxf3 19.Qxf3 f5 20.a5 Nb8 21.a6 Nc6 22.Bc3 b6
23.Kh1 Qh4 24.g3 Qh3 25.Rg1 Rc8 26.Qe3 Rfc7 27.Qd2 g6 28.f4 Qh5 29.Be2 Qh6
30.g4 Rf7 31.gxf5 Rxf5 32.Bg4 Kf7 33.Bxf5 gxf5 34.Rg3 Ne7 35.Bb4 Ng6 36.Bxf8 Qxf8
37.Rc1 Rxc1+ 38.Qxc1 Qb4 39.Qc3 Qb5 40.Kg1 Qe2 41.Qc7+ Ne7 42.Rg7+ Kxg7 43.Qxe7+ Kg8
44.Qxe6+ Kg7 45.Qd7+ Kf8 46.Qxf5+ Kg7 47.Qg5+ Kf7 48.Qf6+ Kg8 49.Qd8+ Kg7
50.Qd7+ Kf8 51.Qc8+ Kg7 52.Qd7+ Kf8 53.Qd6+ Kg7 54.Qc7+ Kh6 55.Qc3 Kg6 56.f5+ Kg7
57.f6+ Kf7 58.h3 Qd1+ 59.Kf2 Qb1 60.Qc7+ Kg6 61.Qg7+ Kh5 62.Qg4+ Kh6 63.Qf4+ Kh5
64.f7  1-0

[Event "Koltanowski Team Match"]
[Site "San Francisco"]
[Date "1999.02.06"]
[Round "5"]
[White "Browne, Walter S"]
[Black "Silman, Jeremy D"]
[Result "1/2-1/2"]
[WhiteElo "2516"]
[BlackElo "2375"]

1.d4 d5 2.c4 c6 3.Nf3 Nf6 4.Nc3 dxc4 5.a4 Bf5 6.e3 e6 7.Bxc4 Bb4 8.O-O O-O
9.Qe2 Bg6 10.Ne5 Nbd7 11.Nxg6 hxg6 12.Rd1 Qa5 13.e4 e5 14.d5 Nb6 15.dxc6 bxc6
16.Na2 Nxc4 17.Qxc4 Rab8 18.Nxb4 Qxb4 19.Qxb4 Rxb4 20.f3 c5 21.Be3 Rxb2 22.Bxc5 Rc8
23.Bxa7 Rcc2 24.Kh1 Rxg2 25.Bg1 Nh5 26.a5 Ng3+ 27.hxg3 Rxg3 28.Bc5 Rh3+ 29.Kg1 Rg3+
30.Kf1 Rxf3+ 31.Ke1 Rh3 32.Bg1 Rg3 33.Bf2 Rh3 34.Bg1 Rg3 35.Bf2  1/2-1/2

[Event "RUS-Cup03 (Geller mem)"]
[Site "Moscow"]
[Date "1999.02.08"]
[Round "7"]
[White "Poluljahov, Aleksandr"]
[Black "Kobalija, Mihail"]
[Result "0-1"]
[WhiteElo "2566"]
[BlackElo "2537"]

1.d4 d5 2.c4 c6 3.Nf3 Nf6 4.Nc3 dxc4 5.a4 Bf5 6.Nh4 e6 7.Nxf5 exf5 8.e3 Bb4
9.Bxc4 O-O 10.O-O Nbd7 11.Bd2 g6 12.f3 a5 13.Bb3 Nb6 14.Kh1 Re8 15.g4 fxg4
16.fxg4 Bxc3 17.bxc3 Nbd5 18.Qf3 Ne4 19.Qxf7+ Kh8 20.Bxd5 Re7 21.Qg8+ Qxg8
22.Bxg8 Nxd2 23.Rf2 Ne4 24.Rf7 Rae8 25.Rxe7 Rxe7 26.Bb3 Nxc3 27.Re1 b5 28.Kg2 bxa4
29.Bc4 Rb7 30.Rc1 Ne4 31.Bd3 Rb2+ 32.Kg1 Nd2 33.Ra1 Nf3+ 34.Kf1 Nxh2+ 35.Ke1 Nxg4
36.Rxa4 Nxe3 37.Rxa5 Rb4 38.Rc5 Rxd4 39.Be2  0-1

[Event "RUS-Cup03 (Geller mem)"]
[Site "Moscow"]
[Date "1999.02.09"]
[Round "8"]
[White "Arbakov, Valentin"]
[Black "Popov, Valerij"]
[Result "0-1"]
[WhiteElo "2482"]
[BlackElo "2582"]

1.d4 d5 2.c4 c6 3.Nf3 Nf6 4.Nc3 dxc4 5.a4 Bf5 6.e3 e6 7.Bxc4 Bb4 8.Qb3 a5
9.O-O Qe7 10.Ne5 O-O 11.f3 c5 12.e4 cxd4 13.Nb5 Bg6 14.Nxd4 Nbd7 15.Nxd7 Nxd7
16.Be3 Rac8 17.Rfd1 Kh8 18.Rac1 Nc5 19.Qa2 f5 20.exf5 exf5 21.Bf2 f4 22.h3 h6
23.Nc2 Nxa4 24.Nxb4 Qxb4 25.Be1 Qc5+ 26.Kh2 b5 27.Be6 Qxc1 28.Rxc1 Rxc1 29.Bxa5 Kh7
30.Bd7 Ra8 31.b4 Nc3 32.Qe6 Rc2 33.Qd6 Ra7 34.h4 h5 35.Be6 Ra8 36.Qxf4 Ne2
37.Qg5 Nd4 38.Bd5 Rf8 39.Kh3 Ne2 40.Qxg6+ Kxg6 41.Be4+ Kf6 42.Bxc2 Rc8 43.Be4 Rc3
44.Bb6 Rc4 45.Ba5 Nd4 46.Bd3 Rc3 47.Be4 Ke5 48.Bg6 Nc6 49.Bc7+ Ke6 50.Bxh5 Nxb4
51.Bg4+ Kf7 52.Ba5 Rc4 53.Bf5 Nc6 54.Bd2 b4 55.Be4 Ne7 56.Bf4 Ke6 57.Be3 b3
58.Bb1 Nd5  0-1

[Event "RUS-Cup03 (Geller mem)"]
[Site "Moscow"]
[Date "1999.02.10"]
[Round "9"]
[White "Rychagov, Andrei"]
[Black "Skatchkov, Pavel"]
[Result "1-0"]
[WhiteElo "2487"]
[BlackElo "2420"]

1.d4 d5 2.c4 c6 3.Nc3 Nf6 4.Nf3 dxc4 5.a4 Bf5 6.Ne5 Nbd7 7.Nxc4 Qc7 8.g3 e5
9.dxe5 Nxe5 10.Bf4 Nfd7 11.Bg2 f6 12.O-O Nc5 13.e4 Bg6 14.Bxe5 fxe5 15.f4 Rd8
16.Qg4 Nd3 17.Kh1 exf4 18.gxf4 Bc5 19.Qg3 O-O 20.Ne2 Bf7 21.b3 b5 22.axb5 cxb5
23.Ne3 Qb6 24.Rf3 Bh5 25.Nf5 Qf6 26.Ra6 Qb2 27.Ra2 Qb1+ 28.Rf1 Nf2+ 29.Qxf2 Qxa2
30.Qxc5 Bxe2 31.Qe7 Rxf5 32.exf5 Qd2 33.f6 gxf6 34.Rg1 Bg4 35.Bf3  1-0

[Event "RUS-Cup03 (Geller mem)"]
[Site "Moscow"]
[Date "1999.02.14"]
[Round "5"]
[White "Matveeva, Svetlana"]
[Black "Lundin, Alexandr"]
[Result "1-0"]
[WhiteElo "2405"]
[BlackElo "2299"]

1.d4 d5 2.c4 c6 3.Nf3 Nf6 4.Nc3 dxc4 5.a4 Bf5 6.Nh4 e6 7.Nxf5 exf5 8.e3 a5
9.Bxc4 Bb4 10.Qc2 g6 11.O-O O-O 12.Bd2 Nbd7 13.Rad1 Nb6 14.Bb3 Bd6 15.g3 Re8
16.f3 Bc7 17.Bc1 Nbd5 18.e4 Nb4 19.Qf2 Qd7 20.Kh1 Bb6 21.g4 Kh8 22.gxf5 gxf5
23.Qh4 Ng8 24.Rg1 Qe7 25.Rxg8+ Kxg8 26.Rg1+ Kh8 27.Bg5  1-0

[Event "Goodricke 10th op"]
[Site "Calcutta"]
[Date "1999.02.15"]
[Round "10"]
[White "Gokhale, Anupama"]
[Black "Kabir, S Ruhul"]
[Result "0-1"]
[WhiteElo "2215"]
[BlackElo "2250"]

1.d4 d5 2.c4 c6 3.Nf3 Nf6 4.Nc3 dxc4 5.a4 Bf5 6.e3 e6 7.Bxc4 Bb4 8.O-O O-O
9.Qe2 Ne4 10.Nxe4 Bxe4 11.Ne5 Nd7 12.Nxd7 Qxd7 13.f3 Bg6 14.Rd1 Rfd8 15.e4 Qc7
16.Kh1 Qa5 17.Be3 Rd7 18.d5 cxd5 19.exd5 exd5 20.Bb5 Rdd8 21.Qf2 Be7 22.Rac1 Bf6
23.Bc5 Rac8 24.b4 Qc7 25.Be3 Qd6 26.Rxc8 Rxc8 27.Bc5 Qd8 28.Bf1 b6 29.Bd4 Be7
30.Qe1 Bc2 31.Rc1 Bf5 32.Rxc8 Bxc8 33.Qg3 Qf8 34.Bd3 Bxb4 35.h4 Bd6 36.Qg5 Be6
37.h5 h6 38.Qe3 Qd8 39.Kg1 Qh4  0-1

[Event "St Helier Tohmatsu op"]
[Site "St Helier"]
[Date "1999.02.17"]
[Round "4"]
[White "Ward, Christopher"]
[Black "Hillarp Persson, Tiger"]
[Result "0-1"]
[WhiteElo "2482"]
[BlackElo "2482"]

1.d4 d5 2.c4 c6 3.Nf3 Nf6 4.Nc3 dxc4 5.a4 Bf5 6.Nh4 Bg4 7.h3 Bh5 8.g4 Bg6
9.Nxg6 hxg6 10.e4 e6 11.Bxc4 Bb4 12.f3 c5 13.dxc5 Qa5 14.Bb5+ Nfd7 15.Be3 O-O
16.Ke2 Bxc5 17.Na2 Bxe3 18.Kxe3 Rd8 19.b4 Qc7 20.Rc1 Nc6 21.Bxc6 bxc6 22.Qc2 g5
23.Qh2 Ne5 24.Rc5 Rd3+ 25.Ke2 Rd2+  0-1

[Event "Bunratty Masters"]
[Site "Bunratty"]
[Date "1999.02.19"]
[Round "3"]
[White "Gormally, Daniel"]
[Black "Ryan, Joseph"]
[Result "1/2-1/2"]
[WhiteElo "2456"]
[BlackElo "2277"]

1.d4 d5 2.c4 c6 3.Nf3 Nf6 4.Nc3 dxc4 5.a4 Bf5 6.e3 e6 7.Bxc4 Bb4 8.O-O Nbd7
9.Qe2 Bg6 10.e4 O-O 11.Bd3 Bh5 12.e5 Nd5 13.Ne4 Be7 14.Ng3 Bg6 15.Bxg6 hxg6
16.Qe4 c5 17.h4 cxd4 18.h5 Nc5 19.Qg4 Nb3 20.hxg6 Nxa1 21.Nh5 Nb3 22.Nxg7 Kxg7
23.gxf7+ Kxf7 24.Qh5+ Kg8 25.Qg6+ Kh8  1/2-1/2

[Event "Cappelle op"]
[Site "Cappelle la Grande"]
[Date "1999.02.19"]
[Round "8"]
[White "Golod, Vitali"]
[Black "Safin, Shukhrat"]
[Result "1/2-1/2"]
[WhiteElo "2554"]
[BlackElo "2484"]

1.d4 d5 2.c4 c6 3.Nf3 Nf6 4.Nc3 dxc4 5.a4 Bf5 6.Ne5 Nbd7 7.Nxc4 Qc7 8.g3 e5
9.dxe5 Nxe5 10.Bf4 Nfd7 11.Bg2 f6 12.O-O Nc5 13.Ne3 Bg6 14.a5 Rd8 15.Qe1 Be7
16.b4 Nb3 17.Ra2 O-O 18.Rb2 Nd4 19.Qc1 Ne6 20.Bh3 Bf7 21.Ncd5 cxd5 22.Bxe6 Qxc1
23.Bxf7+ Rxf7 24.Rxc1 Nc6 25.a6 Bd6 26.axb7 Bxf4 27.gxf4 Nb8 28.Rc8 Rdf8
29.Nxd5 Rxb7 30.Rbc2 Rxc8 31.Rxc8+ Kf7 32.f5 g6 33.fxg6+ hxg6 34.e4 f5 35.f3 fxe4
36.fxe4 Nd7 37.Kf2 Nf6 38.Nxf6 Kxf6 39.Rc4 Rb5 40.Kf3 a5 41.Rc6+ Kg7 42.bxa5 Rxa5
43.Rc7+ Kh6 44.Rc3 Kg5 45.Re3 Ra2 46.Kg3 Kf6 47.h4 Ke5 48.Kg4 Rg2+ 49.Rg3 Rh2
50.Kg5 Kxe4 51.Rg4+ Kf3 52.Rf4+ Ke3 53.Rg4 Kf3 54.Rf4+ Ke3 55.Ra4 Rg2+ 56.Rg4 Rxg4+
57.Kxg4 Kf2 58.Kf4 Kg2 59.Kg4 Kh2 60.Kg5  1/2-1/2

[Event "PER-ch"]
[Site "Lima"]
[Date "1999.03.01"]
[Round "6"]
[White "Longa Yauca, J."]
[Black "Salazar, Carlos"]
[Result "1/2-1/2"]
[WhiteElo "2120"]
[BlackElo "2243"]

1.d4 d5 2.Nf3 Nf6 3.c4 c6 4.Nc3 dxc4 5.a4 Bf5 6.e3 e6 7.Bxc4 Bb4 8.O-O Nbd7
9.Qe2 Bg6 10.Ne5 O-O 11.Nxg6 hxg6 12.e4 e5 13.d5 Bxc3 14.bxc3 cxd5 15.Bxd5 Nxd5
16.exd5 Re8 17.c4 Rc8 18.Be3 b6 19.a5 Qc7 20.Rfc1 f5 21.Qa2 Qd6 22.Rab1 f4
23.Bd2 e4 24.axb6 axb6 25.Qb3 Rb8 26.Qh3 Nc5 27.Bb4 Qe5 28.Bc3 Qf5 29.Qxf5 gxf5
30.Bd4 Nd7 31.Kf1 Kf7 32.Ke2 Rec8 33.Rb4 g5 34.Rc3 g4 35.g3 f3+ 36.Ke3 Nc5
37.Kf4 Nd3+ 38.Rxd3 exd3 39.Ke3 Re8+ 40.Kxd3 Ra8 41.Rb3 Ra2 42.Rxb6 Ra3+
43.Bc3 Re1 44.Rb2 Rc1 45.Rc2 Rd1+ 46.Ke3  1/2-1/2

[Event "DPMM f Porz-Solingen"]
[Site "Bad Godesberg"]
[Date "1999.03.14"]
[Round "?.3"]
[White "Vaganian, Rafael A"]
[Black "Huebner, Robert"]
[Result "1-0"]
[WhiteElo "2605"]
[BlackElo "2585"]

1.Nf3 Nf6 2.c4 c6 3.Nc3 d5 4.d4 dxc4 5.a4 Bf5 6.e3 e6 7.Bxc4 Bb4 8.O-O Nbd7
9.Qe2 Bg6 10.e4 Bxc3 11.bxc3 Nxe4 12.Ba3 Qc7 13.Rfe1 O-O-O 14.Qb2 e5 15.a5 exd4
16.cxd4 Nd6 17.Bf1 Kb8 18.Re3 Ka8 19.Rb3 Nb5 20.Be7 Rde8 21.Bh4 a6 22.Bg3 Qd8
23.d5 Qf6 24.dxc6 bxc6 25.Qc1 Be4 26.Ra4 Bd5 27.Rf4 Qe7 28.Rb2 f6 29.Rc2 Ne5
30.Nxe5 fxe5 31.Rf5 Qd7 32.Rxe5 Rxe5 33.Bxe5 Re8 34.Re2 Qf5 35.Bg3 Rxe2 36.Bxe2 Qe4
37.Bf1 Qe7 38.Qf4 Qd8 39.Qe5 g5 40.f4 gxf4 41.Bxf4 c5 42.Bd3 Qg8 43.Bg3 h6
44.Be4 Nc7 45.Bxd5+ Nxd5 46.Qd6 Kb7 47.Qd7+ Ka8 48.Bd6  1-0

[Event "Novgorod op"]
[Site "Novgorod"]
[Date "1999.03.19"]
[Round "1"]
[White "Evseev, Denis"]
[Black "Shomoev, Anton"]
[Result "1-0"]
[WhiteElo "2503"]
[BlackElo "2105"]

1.d4 d5 2.c4 c6 3.Nf3 Nf6 4.Nc3 dxc4 5.a4 Bf5 6.e3 e6 7.Bxc4 Bb4 8.O-O Nbd7
9.Nh4 O-O 10.f3 c5 11.Na2 Qb6 12.Nxb4 Qxb4 13.b3 Rfd8 14.Nxf5 exf5 15.Bd2 Qb6
16.Qe1 Re8 17.Qf2 cxd4 18.exd4 Rad8 19.Bf4 Nf8 20.Be5 Nd5 21.Rfe1 Ne6 22.a5 Qc6
23.Qf1 a6 24.Rac1 f4 25.Re4 f6 26.Bxf4 f5 27.Re5 Nexf4 28.Bxd5+ Qxd5 29.Rxd5 Rxd5
30.Re1 Red8 31.g3 Ng6 32.Qc4 h6 33.Re8+ Kh7 34.Rxd8 Rxd8 35.Qc5 f4 36.gxf4 Nxf4
37.Qf5+ Ng6 38.d5 Rf8 39.Qd3  1-0

[Event "Bled op"]
[Site "Bled"]
[Date "1999.03.20"]
[Round "1"]
[White "Soln, Primoz"]
[Black "Waller, Helmut"]
[Result "1-0"]
[WhiteElo "2425"]
[BlackElo "2213"]

1.d4 d5 2.c4 c6 3.Nc3 Nf6 4.Nf3 dxc4 5.a4 Bf5 6.e3 e6 7.Bxc4 Bb4 8.O-O Nbd7
9.Nh4 Bg4 10.f3 Bh5 11.g4 Nd5 12.Qe1 Be7 13.Ng2 Bg6 14.e4 Nb4 15.Qd1 h5 16.Nf4 Nf8
17.gxh5 Bxh5 18.Be3 g5 19.Nxh5 Rxh5 20.Qe2 Rh7 21.d5 Bd6 22.Rf2 Qe7 23.dxc6 Nxc6
24.Bb5 Ng6 25.Bxc6+ bxc6 26.Rd1 Kf8 27.e5 Bxe5 28.Ne4 Nf4 29.Qc2 Kg7 30.Kh1 Rd8
31.Rxd8 Qxd8 32.Rd2 Nd5 33.Bxg5 Qb6 34.Rg2 Kh8 35.f4 Ne3 36.Bf6+ Bxf6 37.Nxf6 Rg7
38.Qh7+  1-0